000 00420nam a2200145 4500
001 116857
003 ES-MaACL
007 t|
008 061121s1967 sp r ||||1| spa d
100 1 _aPascual Ferrández, Antonio.
_989381
245 1 0 _aOrdenación cultural /
_cAntonio Pascual Ferrández.
260 _aBarcelona :
_bEdit. Peñíscola,
_c1967.
300 _a195 p. ;
_c17 cm.
852 _aES-MaACL
_jE-2466
_bR.66371
999 _c116857
_d116857